| 000 | 00498nam a22001697a 4500 | ||
|---|---|---|---|
| 005 | 20251006102527.0 | ||
| 008 | 251006b |||||||| |||| 00| 0 eng d | ||
| 020 |
_a9780679866947 _qpbk |
||
| 041 | _aeng | ||
| 082 |
_a813.54 _bPAR |
||
| 100 | _aPark, Barbara | ||
| 245 |
_aJunie B. Jones And The Yucky Blucky Fruitcake _cby Barbara Park Illustrated by Denise Brunkus |
||
| 250 | _a1ed., | ||
| 260 |
_aNew York _b Random House Books For Young Readers _c1995 |
||
| 300 | _a71p. | ||
| 942 | _cENGLISH | ||
| 999 |
_c590862 _d590862 |
||